书目信息 |
| 题名: |
北国四重奏
|
|
| 作者: | ;《北国四重奏》编委会 编 | |
| 分册: | 2 北国之夏 | |
| 出版信息: | 长春 时代文艺出版社 2010.01 |
|
| 页数: | 162页 | |
| 开本: | 20cm | |
| 丛书名: | ||
| 单 册: | ||
| 中图分类: | I217 | |
| 科图分类: | ||
| 主题词: | 文学--作品集--中国--中国--现代 | |
| 电子资源: | ||
| ISBN: | 978-7-5387-0359-7 | |
| 000 | 00984nam0 2200253 450 | |
| 001 | 1154136030 | |
| 005 | 20111228091140.20 | |
| 010 | @a978-7-5387-0359-7@dCNY29.75 | |
| 100 | @a20111107d2010 km y0chiy0120 ea | |
| 101 | 0 | @achi |
| 102 | @aCN@b220000 | |
| 105 | @ay z 000yy | |
| 200 | 1 | @a北国四重奏@Abei guo si zhong zou@e北国抒怀文学作品集@h2@i北国之夏@f《北国四重奏》编委会编@F《bei guo si zhong zou》bian wei hui bian |
| 205 | @a第2版 | |
| 210 | @a长春@c时代文艺出版社@d2010.01 | |
| 215 | @a162页@d20cm | |
| 330 | @a本书是东北三省四市历时五年的北国四季(春、夏、秋、冬)多种文学体裁(散文、报告文学、小说、诗歌等)的一次阵容盛大的检阅。 | |
| 517 | 1 | @a北国抒怀文学作品集@Abei guo shu huai wen xue zuo pin ji |
| 517 | 1 | @a北国之夏@Abei guo zhi xia |
| 606 | 0 | @a文学@x作品集@x中国@y中国@z现代 |
| 690 | @aI217@v5 | |
| 711 | 02 | @a《北国四重奏》编委会@A《bei guo si zhong zou》bian wei hui@4编 |
| 801 | 0 | @aCN@c20111228 |
| 905 | @a郑州市财税学校图书馆@dI217@eB335=2:2@f5 | |
| 北国四重奏:北国抒怀文学作品集.2.北国之夏/《北国四重奏》编委会编.-第2版.-长春:时代文艺出版社,2010.01 |
| 162页;20cm |
| ISBN 978-7-5387-0359-7:CNY29.75 |
| 本书是东北三省四市历时五年的北国四季(春、夏、秋、冬)多种文学体裁(散文、报告文学、小说、诗歌等)的一次阵容盛大的检阅。 |
| ● |
| 相关链接 |
|
|
|
正题名:北国四重奏
索取号:I217/B335=2:2
 
预约/预借
| 序号 | 登录号 | 条形码 | 馆藏地/架位号 | 状态 | 备注 |
| 1 | 1181596 | 211815963 | 文学库108/108文学库 14排2列2层/ [索取号:I217/B335=2:2] | 在馆 | |
| 2 | 1181597 | 211815972 | 文学库108/108文学库 14排2列3层/ [索取号:I217/B335=2:2] | 在馆 | |
| 3 | 1181598 | 211815981 | 文学库108/108文学库 14排2列3层/ [索取号:I217/B335=2:2] | 在馆 | |
| 4 | 1181599 | 211815990 | 文学库108/108文学库 14排2列2层/ [索取号:I217/B335=2:2] | 在馆 | |
| 5 | 1181600 | 211816007 | 文学库108/108文学库 14排2列2层/ [索取号:I217/B335=2:2] | 在馆 |